000 01132cam a2200325 i 4500
001 20421576
003 OSt
005 20231214123045.0
008 180308t20182018enka 001 0 eng c
010 _a 2018009864
020 _a9781107189638
_q(hbk.)
040 _aOU/DLC
_beng
_cOU
_erda
_dDLC
042 _apcc
050 0 0 _aQC174.12
_b.G75 2018
082 0 0 _a530.12
_bGRI/I
100 _aGriffiths, David J
_q(David Jeffery),
_d1942-
_94422
245 1 0 _aIntroduction to quantum mechanics /
_cDavid J. Griffiths and Darrell F. Schroeter, Reed College, Oregon.
250 _aThird edition.
264 1 _aCambridge ;
_aNew York, NY :
_bCambridge University Press,
_c2018.
300 _axiii, 495 pages :
_billustrations ;
_c26 cm
336 _atext
_2rdacontent
337 _aunmediated
_2rdamedia
338 _avolume
_2rdacarrier
500 _aIncludes index.
650 0 _aQuantum theory.
700 1 _aSchroeter, Darrell F.
906 _a7
_bcbc
_corignew
_d1
_eecip
_f20
_gy-gencatlg
942 _2ddc
_cBK
_h530.12
_iGRI/I
_k530.12
_mGRI/I
999 _c44219
_d44219